00611nam a2200169Ia 4500008004100000100002900041245008100070245006100151260005900212260000900271300001000280650001800290650001500308856002600323999001900349952007300368170221s9999 xx 000 0 und d aSeyed Reza Naghibulsadat aIranian and Non-Iranian Social Networks’ Structures; A Comparative Study  cSeyed Reza Naghibulsadat, Fatemeh Qasabi, Parisa Farhadi bOnline Journal of Communication and Media Technologies c2015 a5 : 3 xCommunication xMedia Arts uhttp://www.ojcmt.net/ c307041d307041 001040aCLbCLd2017-02-21l0r2017-02-21 00:00:00w2017-02-21yFOJ